Map projection scale-factor (Record no. 108749)
[ view plain ]
| 000 -LEADER | |
|---|---|
| fixed length control field | 01573cad a22002295a 4500 |
| 001 - CONTROL NUMBER | |
| control field | L145308 |
| 008 - FIXED-LENGTH DATA ELEMENTS--GENERAL INFORMATION | |
| fixed length control field | 110419s20080715xxkda f 000 0 eng d |
| 035 ## - SYSTEM CONTROL NUMBER | |
| System control number | (Sirsi) u145308 |
| 041 0# - LANGUAGE CODE | |
| Language code of text/sound track or separate title | eng |
| 050 04 - LIBRARY OF CONGRESS CALL NUMBER | |
| Classification number | 526.8 $2 18 |
| 110 2# - MAIN ENTRY--CORPORATE NAME | |
| Corporate name or jurisdiction name as entry element | Royal Institution of Chartered Surveyors |
| Subordinate unit | Mapping and Positioning Practice Panel |
| 9 (RLIN) | 5617 |
| 245 00 - TITLE STATEMENT | |
| Title | Map projection scale-factor |
| Medium | [archived] |
| 260 ## - PUBLICATION, DISTRIBUTION, ETC. | |
| Place of publication, distribution, etc. | RICS |
| Name of publisher, distributor, etc. | London |
| Date of publication, distribution, etc. | 2008 |
| 505 2# - FORMATTED CONTENTS NOTE | |
| Formatted contents note | Are you an architect, engineer, developer or builder? -- Why is the distance that I measure on the ground not the same as the distance that I measure off my map? -- So, why don't we continue surveying using local grids? -- So can we design a site on the National Grid? |
| 520 ## - SUMMARY, ETC. | |
| Summary, etc. | Short guide on how to understand and avoid complications with scale factor. Outlines the issues surrounding scale factor in relation to digital mapping and surveying and also addresses the relationship between scale factor and national mapping; local distortion and using GPS RTK systems. Although written with the UK in mind, many of the points raised can be applied globally and it is intended that this guide can be used by members of the Geomatics faculty in explaining complex geo-subjects to ley people and professionals. |
| 521 ## - TARGET AUDIENCE NOTE | |
| Target audience note | Advanced |
| 590 ## - LOCAL NOTE (RLIN) | |
| Local note | KA |
| 651 #4 - SUBJECT ADDED ENTRY--GEOGRAPHIC NAME | |
| Geographic name | International |
| 690 ## - LOCAL SUBJECT ADDED ENTRY--TOPICAL TERM (OCLC, RLIN) | |
| Topical term or geographic name as entry element | ENVIRONMENTAL AND LAND CONSULTANCY-GEOMATICS |
| 856 40 - ELECTRONIC LOCATION AND ACCESS | |
| Uniform Resource Identifier | <a href="https://www.rics.org/profession-standards/knowledge-and-information-services/document-delivery-and-other-kis-fees">https://www.rics.org/profession-standards/knowledge-and-information-services/document-delivery-and-other-kis-fees</a> |
| Public note | email [email protected] to request a scanned copy |
| 942 ## - ADDED ENTRY ELEMENTS (KOHA) | |
| Suppress in OPAC | 0 |
| Source of classification or shelving scheme | Dewey Decimal Classification |
| Withdrawn status | Lost status | Source of classification or shelving scheme | Damaged status | Not for loan | Home library | Current library | Shelving location | Date acquired | Total Checkouts | Full call number | Barcode | Date last seen | Copy number | Price effective from | Koha item type |
|---|---|---|---|---|---|---|---|---|---|---|---|---|---|---|---|
| Dewey Decimal Classification | London | London | RICS Boxes | 30/09/2008 | RICS 2008/48 | 30074867 | 06/08/2019 | 1 | 06/08/2019 | Archive | |||||
| Dewey Decimal Classification | London | London | Reference copy | 30/09/2008 | RICS 2008/48 | 30076131 | 06/08/2019 | 2 | 06/08/2019 | Reference material | |||||
| Dewey Decimal Classification | London | London | RICS Boxes | 30/09/2008 | RICS 2008/48 | 30076132 | 06/08/2019 | 3 | 06/08/2019 | Book | |||||
| Dewey Decimal Classification | Virtual | Virtual | Online | 25/09/2008 | SCAN | 145308-1001 | 13/11/2023 | 4 | 06/08/2019 | Online material |